Enseñanza de la matemática, la ciencia y los estudios sociales /
Guardado en:
| Autor Principal: | |
|---|---|
| Formato: | Libro |
| Publicado: |
Buenos Aires :
Paidós,
1969
|
| Materias: | |
| Etiquetas: |
Agregar Etiqueta
Sin Etiquetas, Sea el primero en etiquetar este registro!
|
| LEADER | 00839nam a22002055a 4500 | ||
|---|---|---|---|
| 001 | CEM.cems004515 | ||
| 005 | 20100628121712.0 | ||
| 008 | 130507s1969##################000#0#####d | ||
| 003 | CEMS | ||
| 082 | 0 | 4 | |a 372.7 |
| 100 | 1 | |a Montgomery, G. C. | |
| 245 | 1 | 0 | |a Enseñanza de la matemática, la ciencia y los estudios sociales / |c G. C. Montgomery |
| 260 | |a Buenos Aires : |b Paidós, |c 1969 | ||
| 300 | |a 160 p. | ||
| 505 | 0 | |a La enseñanza de la matemática / Gaylord C. Montgomery -- La enseñanza de las ciencias / Alan Dodd -- Enseñanza de los estudios sociales / John D. McAulay | |
| 653 | |a Didáctica de la matemática | ||
| 653 | |a Didáctica de las ciencias | ||
| 653 | |a Didáctica de ciencias sociales | ||
| 859 | |a CEMS |b BIB. CEMS - 11 de abril |h 372.7 |i M766 |p 3126.74 |t Ej.1 | ||
| 859 | |a CEMS |b BIB. CEMS - 11 de abril |h 372.7 |i M766 |p 3433.75 |t Ej.2 | ||
